Dogtanian and the Three Muskehounds Characters Quiz Stats

 Plays Quiz not verified by Sporcle

Also try: House Characters
Challenge
Share
Tweet
Embed
Score 0/19 Timer 07:00
0 Plays Today
% Correct
Dogtanian
93%
Porthos
93%
Athos
88.4%
Aramis
83.7%
Juliette
58.1%
Milady
58.1%
King Louis
48.8%
Pip
48.8%
Planchet
46.5%
Cardinal Richelieu
44.2%
% Correct
Count Rochefort
44.2%
Sandy
44.2%
Queen Anne of Austria
37.2%
Monsieur de Treville
37.2%
The Duke of Buckingham
32.6%
Widimer
20.9%
The Blue Falcon
20.9%
Marco
18.6%
Fran├žois LaVache
14%

You're not logged in!

Compare scores with friends on all Sporcle quizzes.
Join for Free
OR
Log In

You Might Also Like...

Show Comments

Extras

Top Quizzes Today


Score Distribution

Your Account Isn't Verified!

In order to create a playlist on Sporcle, you need to verify the email address you used during registration. Go to your Sporcle Settings to finish the process.

Report this User

Report this user for behavior that violates our Community Guidelines.

Details: